Environmentálny aspekt podnikov v konkurenčnom prostredí

Logistika zelená, logistika reverzná. Environmentálny manažment a jeho ciele. Princíp prevencie, integrácie a opatrnosti environmentálnej politiky. Novým cieľom podnikov sa stáva zaručenie dostatku energie a potrebných surovín pri súčasnom zabezpečení minimálnych dopadov na životné prostredie.

Saved in:
Bibliographic Details
Main Author: Gubová, Klaudia, 1986-
Format: Book Chapter
Language:Slovak
Subjects:
Tags: Add Tag
No Tags, Be the first to tag this record!

MARC

LEADER 00000nla a2200000 4500
001 0214364
005 20240502073601.2
041 0 |a slo 
044 |a SK 
245 1 0 |a Environmentálny aspekt podnikov v konkurenčnom prostredí  |c Klaudia Gubová 
520 |a Logistika zelená, logistika reverzná. Environmentálny manažment a jeho ciele. Princíp prevencie, integrácie a opatrnosti environmentálnej politiky. Novým cieľom podnikov sa stáva zaručenie dostatku energie a potrebných surovín pri súčasnom zabezpečení minimálnych dopadov na životné prostredie. 
610 2 0 |a podnik logistický 
610 2 0 |a logistika zelená 
610 2 0 |a logistika reverzná 
610 2 0 |a preprava 
610 2 0 |a skladovanie 
610 2 0 |a obaly 
610 2 0 |a politika environmentálna 
610 2 0 |a ochrana prostredia životného 
100 1 |a Gubová, Klaudia, 1986-